01322nam a22003257a 4500003000400000005001700004008004100021040002200062082001500084100003800099245001500137260006100152300002000213366000800233490002300241505001700264505005800281505005200339505012100391505012600512505007100638505001100709505001400720650004700734650004600781650004300827650004300870650004700913700003600960OSt20230608095304.0221006b |||||||| |||| 00| 0 eng d cBiblioteca Lado V a800bC823f aCorrales Arias, Adrianoedirector aFronteras/ aInstituto Tecnológico de Costa Rica c2001bCosta Rica c21.5x31cma82p. espa a9v2001x1409-0236 tEDITORIALa  tTertuliaaLa trama de la vida, Charla con Felo Gracia tRaicesaEscazú pueblo de brujos y curanderos  tReflexionesaLa modernidad de la poesía en Hispanoamérica Las letras apagadas El anarquismo de Emma Goldman  tComunidadesaDiámetros variables, sentidos inciertos También la noche (reseña al libros El mas violento paraíso) tTrapicheaCuento "Camino de estelas" Poesía "Macarena Barahona" tADUANA tA la tica 2Tesauro de Arte & ArquitecturaaLITERATURA 2Tesauro de Arte & ArquitecturaaNARRATIVA 2Tesauro de Arte & ArquitecturaaCUENTO 2Tesauro de Arte & ArquitecturaaPOESIA 2Tesauro de Arte & ArquitecturaaCOSTA RICA aNavarreta, Jose Antonioeeditor